Statistics for F1 Podiums 2017

Click here to take the quiz!

General Stats

  • This quiz has been taken 473 times
  • The average score is 8 of 9

Answer Stats

Answer% Correct
Lewis Hamilton
100%
Sebastian Vettel
100%
Valtteri Bottas
100%
Max Verstappen
98%
Daniel Ricciardo
97%
Kimi Raikkonen
95%
Lance Stroll
86%
Sergio Perez
82%
Fernando Alonso
77%

Score Distribution

Percentile by Number Answered

Percent of People with Each Score

Your Score History

You have not taken this quiz